000 00921nam a2200277 i 4500
001 16347
003 ES-MaACL
005 20230906151312.0
007 t|
008 000831s1999 sp ||||1| spa d
020 _a84-7844-478-5
080 _a821.14'04-97"6"
100 1 _aMoschus, Joannes.
_983747
245 1 0 _aHistorias bizantinas de locura y santidad /
_cIntroducción, traducción y notas de José Simón Palmer.
260 _aMadrid :
_bSiruela,
_c[1999]
300 _a310 p. :
_bil. col. ;
_c23 cm.
490 1 _aBiblioteca medieval ;
_v4
505 8 _aEl prado / Juan Mosco. Vida de Simeón el Loco / Leoncio de Neápolis
700 1 _aSimón Palmer, José.
_9106547
700 1 _aLeontinus Neapolitanus.
_971701
740 3 _aEl prado.
740 0 _aVida de Simeón el Loco.
830 0 _aBiblioteca medieval ;
_v4
_9179947
852 _aES-MaACL
_jL-23602
_bR.128474
999 _c16347
_d16347